Capitals of US Territories - Statistics

General Stats
  • This quiz has been taken 14 times
  • The average score is 3 of 5
Answer Stats
Territory Capital % Correct
Puerto Rico San Juan
89%
American Samoa Pago Pago
67%
Guam Hagåtña
56%
Northern Mariana Islands Saipan (Capitol Hill)
44%
US Virgin Islands Charlotte Amalie
33%
No matching quizzes found
Score Distribution
Percent of People with Each Score
Percentile by Number Answered
Your Score History
You have not taken this quiz